000 00378pab a2200169 454500
008 180718b2013 xxu||||| |||| 00| 0 eng d
100 _aChinna, RTS
245 _aIndia and the great war
260 _c2013
300 _ap.540-543.
362 _aOct-Dec
650 _aWar
650 _aInternational relations
773 _aUSI Journal
908 _aN
909 _a102861
999 _c102859
_d102859